FC Zürich Kader Sommer 2025 - Statistiken

Allgemein
  • Dieses Quiz wurde 8 mal gespielt
  • Das Durchschnittsergebnis liegt bei 11 aus 29
Antwortstatistiken
Position Nummer Name % Korrekt
IV 2 Lindrit Kamberi
100%
OM 10 Steven Zuber
100%
GK 25 Yanick Brecher
100%
OM 7 Bledian Krasniqi
83%
ZM 6 Cheveyo Tsawa
83%
IV 27 Ilan Sauter
50%
MS 9 Juan José Perea
50%
IV 5 Mariano Gomez
50%
LF 17 Matthias Phaeton
50%
ZM 38 Miguel Reichmuth
50%
MS 19 Philippe Keny
50%
GK 1 Silas Huber
50%
LF 11 Umeh Emmanuel
50%
IV 35 David Vujevic
33%
Coach - Dennis Hediger
33%
RF 26 Jahnoah Markelo
33%
IV 4 Jorge Segura
33%
LV 20 Junior Ligue
33%
RF 21 Lisandru Tramoni
33%
ZM 15 Nelson Palacio
33%
RV 32 Selmin Hodza
17%
GK 12 Yevgen Morozov
17%
MS 29 Damienus Reverson
0%
DM 39 Isaiah Okafor
0%
RV 3 Livano Comencia
0%
LV 23 Milan Rodic
0%
DM 18 Mohammed Bangoura
0%
LV 43 Neil Volken
0%
MS 40 Vincent Nvendo
0%
Keine übereinstimmenden Quizze gefunden
Verteilung der Resultate
Anzahl Personen mit jedem Resultat
Perzentil nach korrekt beantworteten Fragen
Ihre Resultats-Entwicklung
Sie haben dieses Quiz noch nicht gespielt